1039 1804 1639 1204 1500 1136 1160 1738 1306 1683 1162 1277 1275 1968 1680 1754 1599 1659 1563 1621 1544 1496 1327 1832 1350 1512 1360 1837 1049 1022 1836 1450 1334 1673 1972 1961 1051 1221 1690 1010 1566 1553 1312 1562 1194 1092 1361 1465 1651 1593 1432 1137 1010 1862 1411 1740 1396 1904 1682 1070 1050 1907 1705 1106 1509 1977 1254 1424 1473 1965 1157 1861 1997 1261 1229 1555 1495 1691 1832 1554 1497 1280 1645 1015 1990 1001 1684 1700 1627 1359 1293 1136 1374 1988 1625 1546 1072 1874 1531 BCNSPRNW ULIB Ver.6.0+V

เปลี่ยนเป็นภาษาไทย

Change to English
 แสดงรายละเอียดบรรณานุกรม
  กลับหน้าหลัก

Brief Record : Get Marc (ISO 2709) : E-mail record : QR code < ปิดหน้าต่าง
LEADER : 00000nam 2200000uu 4500
001    13399111560
003     ULIB
008    110701s||||||||th 000 0 tha d
020    9749916956
020    9789749916957
050  4 BQ339^bล226ต 2551
100 0  ลักษณา จีระจันทร์
245 10 ตามรอยพระพุทธเจ้า /^cลักษณา จีระจันทร์
250    พิมพ์ครั้งที่ 8
260    กรุงเทพฯ :^bแพรวสำนักพิมพ์,^c2551
300    266 หน้า :^bภาพปะรกอบ ;^c21 ซม.
440  0 สารคดี ;^vลำดับที่ 49
650  7 พุทธศาสนา^zอินเดีย^xประวัติ
650  7 พระพุทธเจ้า^xชีวประวัติ
945    ^p225^l0^i024656
995    ทศพร
999 ^a ใช้งานได้ทุกระบบ
รายการนี้ยังไม่มีแท็ก
คุณยังไม่ได้ล็อกอิน คุณสามารถมีกิจกรรมร่วมกับเว็บไซต์ได้ แต่ต้องล็อกอินก่อน ::
  ล็อกอิน

รายการสื่อสารสนเทศ

ลำดับที่ ประเภท เลขเรียก/บาร์โค้ด สถานที่ สถานะ
- ไม่พบข้อมูล -

BibComment


ยังไม่เคยถูกคอมเมนท์

คอมเมนท์ทรัพยากรรายการนี้
  คอมเมนท์: ตามรอยพระพุทธเจ้า..


 Copyright 2026. Bcnsprnw @Library